| 000 | 00989cam a22002291i 4500 | ||
|---|---|---|---|
| 003 | OSt | ||
| 005 | 20260125135107.0 | ||
| 008 | 260112s1891 xx g 000 0 ara c | ||
| 040 |
_aSA-JeALM _bara _cSA-RiAUC _erda |
||
| 082 | 0 | 4 |
_a922.1 _qSA-RiAUC |
| 090 |
_aم ن 922.1 _bا س ع |
||
| 100 | 1 |
_aأسعد المدني، أسعد بن حلمي الأسكداري، _d1050-1116 هجري _eمؤلف. |
|
| 245 | 1 | 0 |
_aمسلسل العلامة الأوحد والعلم المفرد السيد أسعد المدني الحسيني / _cأسعد بن حلمي الأسكداري أسعد المدني. |
| 264 | 1 |
_a[مكان النشر غير محدد] : _bالمطبعة الخيرية _c[بين 1900 و1999] |
|
| 300 |
_a32 صفحة ؛ _c29 سم. |
||
| 336 |
_aنص _btxt _2rdacontent _3كتاب |
||
| 337 |
_aبدون وسيط _bn _2rdamedia |
||
| 338 |
_aمجلد _bnc _2rdacarrier |
||
| 650 | 7 |
_aتراجم _2aucsh |
|
| 942 |
_2ddc _cRBOOK COPY _n0 |
||
| 949 |
_aSA-JeALM _d260112 _umohamedma123 _n1 |
||
| 999 |
_c14165 _d14165 |
||